000 00800nam a2200229 a 4500
001 41341
003 BD-RjUL
005 20211209053353.0
008 160529s1993 bg ||||| |||| 00| 0 ben d
020 _c: Tk.40.00
035 _a(BD-RjUL)41458
040 _aBD-RjUL
_bben
_cBD-RjUL
041 _aben
082 _223
_a327.5405492
_bMUF 1993
100 _aমুরাদ, কবির
_9127131
245 1 0 _aফারাক্কা ও বাংলাদেশ /
_cকবির মুরাদ
260 _aঢাকা :
_bজিয়া পরিষদ,
_c১৯৯৩
300 _a৮০ পৃ. :
_bচিত্র ;
_c২০ সেমি.
650 _aভারত-বাংলাদেশ সম্পর্ক
_9127132
650 _aIndo-Bangladesh relations
_9127133
942 _2ddc
_cBK
999 _c41341
_d41341